000 00709nam a2200253 a 4500
001 BRCA_4132
005 20190320204544.0
008 140410s1943----mx-#######---#000-0#spa-#
041 _aspa
044 _amx
050 4 _aF1408
_b.P33 1943
100 1 _aPadilla, Ezequiel
_910668
245 1 0 _aEl hombre libre de América
_bun augurio para la postguerra
_cpor Ezequiel Padilla.
250 _a2
260 _aMéxico
_bNuevo Mundo
_c1943
300 _a288 p.
_c21 cm.
500 _aC160
651 4 _aAmérica Latina
_99147
651 4 _aAmérica
_xCivilización
_910669
651 4 _aAmérica
_xCondiciones económicas
_910670
651 4 _aAmérica
_xPolítica
_910671
902 _aGFM
942 _2lcc
_cB
999 _c3848
_d3848